00000000nam 2200000zi 4500
0019.935594
003CaOODSP
00520241223105630
006m     o  d f      
007cr mn|||||||||
008240318t20242024onca    o    f000 0 swa d
020 |a9780660708874 |q(PDF)
040 |aCaOODSP|beng|erda|cCaOODSP
043 |an-cn---
0861 |aH14-581/2024Swa-PDF
24500|aKuzuia kaswende na utunzaji : |bvidokezo kwa mashirika ya jamii.
250 |a[Swahili edition].
264 1|a[Ottawa] : |b[Public Health Agency of Canada], |c[2024]
264 4|c©2024
300 |a1 online resource (2 unnumbered pages) : |bcolour illustrations
336 |atext|btxt|2rdacontent
337 |acomputer|bc|2rdamedia
338 |aonline resource|bcr|2rdacarrier
500 |aIssued also in English under title: Syphilis prevention and care: tips for community-based organizations; and in French under title: Prévention et traitement de la syphilis : conseils pour les organismes communautaires.
500 |a"Pub: 230894"--Page [2].
546 |aText in Swahili.
650 0|aSyphilis|zCanada|xPrevention.
650 0|aSyphilis|xTreatment|zCanada.
7102 |aPublic Health Agency of Canada, |eissuing body.
77508|tSyphilis prevention and care : |w(CaOODSP)9.933990
7760#|tSyphilis prevention and care : |w(CaOODSP)9.935595
792 |tKuzuia kaswende na utunzaji : |efre|w(CaOODSP)9.935766
85640|qPDF|s229 KB|uhttps://publications.gc.ca/collections/collection_2024/aspc-phac/H14-581-2024-swa.pdf
986 |a230894